Money, banking, international trade and public finance
Guardat en:
| Autor principal: | |
|---|---|
| Format: | Llibre |
| Idioma: | anglès |
| Publicat: |
New Delhi
2004
|
| Etiquetes: |
Afegir etiqueta
Sense etiquetes, Sigues el primer a etiquetar aquest registre!
|
MARC
| LEADER | 00000nam a22000007a 4500 | ||
|---|---|---|---|
| 008 | 201207b ||||| |||| 00| 0 eng d | ||
| 020 | |a 81-87125-97-7 | ||
| 100 | |a JHINGAN, M. L. | ||
| 245 | |a Money, banking, international trade and public finance |c M. L. Jhingan |g xi, 839p. | ||
| 250 | |b 7th ed. | ||
| 260 | |b New Delhi |c 2004 |h Vrinda Publications |i 673745 |l HG221 .J55 |m Money |m Banks and banking |m Monetary policy |m International finance. | ||
| 942 | |a lcc |c BK |e Mr. YUNUSA, A. A. |f 07/12/2020 | ||
| 952 | |0 0 |1 0 |2 lcc |4 0 |6 HG0221 J55 |7 0 |9 45 |a HOL |b SSL |c GJ |d 2020-12-07 |o HG221 .J55 |p 2020-0024 |r 2020-12-07 00:00:00 |w 2020-12-07 |y BK | ||
| 999 | |c 23 |d 23 | ||